Powiaty w województwach na literę P - Statystyki

Ogólne statystyki
  • Ten quiz został rozwiązany 27 razy
  • Średni wynik to 30 z 58
Statystyki odpowiedzi
Gminy w powiecie Nazwa powiatu % Poprawnych
Puck, Władysławowo, Hel, Jastarnia, Krokowa, Kosakowo pucki
96%
miasto na prawach powiatu Gdańsk
67%
miasto na prawach powiatu Gdynia
67%
miasto na prawach powiatu Sopot
67%
Cedry Wielkie, Suchy Dąb, Pszczółki, Trąbki Wielkie, Przywidz, Kolbudy gdański
63%
Lipusz, Liniewo, Dziemiany, Karsin, Stara Kiszewa, Nowa Karczma kościerski
63%
Łeba, Cewice, Wicko, Nowa Wieś L. lęborski
63%
Dubiecko, Orły, Stubno, Medyka, Żurawica, Krzywcza, Bircza, Krasiczyn, Fredropol przemyski
63%
miasto na prawach powiatu Przemyśl
63%
miasto na prawach powiatu Rzeszów
63%
Błażowa, Boguchwała, Tyczyn, Dynów, Głogów Małopolski, Sokołów Małopolski, Kamień, Chmielnik, Hyżne, Świlcza, Trzebownisko, Krasne, Lubenia rzeszowski
63%
miasto na prawach powiatu Słupsk
63%
Rumia, Reda, Łęczyce, Linia, Luzino, Szemud, Gniewino, Choczewo wejherowski
63%
miasto na prawach powiatu Białystok
58%
Miastko, Lipnica, Czarna Dąbrówka, Parchowo, Studzienice, Trzebielino, Tuchomie, Kołczygłowy, Borzytuchom bytowski
58%
miasto na prawach powiatu Krosno
58%
Zagórz, Komańcza, Besko, Bukowsko, Zarszyn, Tyrawa Wołoska sanocki
58%
miasto na prawach powiatu Suwałki
58%
Łapy, Suraż, Supraśl, Wasilków, Choroszcz, Tykocin, Zabłudów, Michałowo, Gródek, Juchnowiec Kościelny, Turośń Kościelna, Zawady, Czarna Białostocka, Dobrzyniewo Duże, Poświętne białostocki
54%
Czarna, Lutowiska bieszczadzki
54%
Czersk, Brusy, Konarzyny chojnicki
54%
Żukowo, Przodkowo, Sierakowice, Stężyca, Chmielno, Somonino, Sulęczyno kartuski
54%
Jaśliska, Rymanów, Iwonicz-Zdrój, Dukla, Jedlicze, Chorkówka, Miejsce Piastowe, Krościenko Wyżne, Korczyna, Wojaszówka krośnieński
54%
Prabuty, Sadlinki, Gardeja, Ryjewo kwidzyński
54%
miasto na prawach powiatu Łomża
54%
Jedwabne, Nowogród, Zbójna, Śniadowo, Miastkowo, Piątnica, Przytuły łomżyński
54%
Nowy Staw, Stare Pole, Lichnowy, Miłoradz malborski
54%
Ustka, Kępice, Smołdzino, Główczyce, Potęgowo, Damnica, Dębnica Kaszubska słupski
54%
Pilzno, Brzostek, Żyraków, Czarna, Jodłowa dębicki
50%
Radymno, Pruchnik, Chłopice, Pawłosiów, Rokietnica, Laszki, Roźwienica, Wiązownica jarosławski
50%
Kołaczyce, Brzyska, Skołyszyn, Dębowiec, Tarnowiec, Krempna, Osiek Jasielski, Nowy Żmigród jasielski
50%
Raczki, Bakałarzewo, Filipów, Przerośl, Wiżajny, Jeleniewo, Rutka-Tartak, Szypliszki suwalski
50%
Dzierzgoń, Mikołajki Pomorskie, Stary Targ, Stary Dzierzgoń sztumski
50%
Pelplin, Gniew, Subkowy, Morzeszczyn tczewski
50%
Lipsk, Bargłów Kościelny, Nowinka, Sztabin, Płaska augustowski
46%
Brańsk, Orla, Rudka, Wyszki, Boćki bielski
46%
Czarne, Debrzno, Koczała, Przechlewo, Rzeczenica człuchowski
46%
Markowa, Rakszawa, Żołynia, Białobrzegi, Czarna łańcucki
46%
Nowa Sarzyna, Grodzisko Dolne, Kuryłówka leżajski
46%
Krynica Morska, Stegna, Sztutowo, Ostaszewo nowodworski
46%
Kańczuga, Sieniawa, Gać, Zarzecze, Tryńcza, Adamówka, Jawornik Polski przeworski
46%
Sędziszów Małopolski, Ostrów, Iwierzyce, Wielopole Skrzyńskie ropczycko-sędziszowski
46%
Giby, Krasnopol, Puńsk sejneński
46%
Wiśniowa, Czudec, Frysztak strzyżowski
46%
miasto na prawach powiatu Tarnobrzeg
46%
Baranów Sandomierski, Nowa Dęba, Gorzyce, Grębów tarnobrzeski
46%
Raniżów, Niwiska, Cmolas, Dzikowiec, Majdan Królewski kolbuszowski
42%
Knyszyn, Goniądz, Krypno, Trzcianne, Jaświły, Jasionówka moniecki
42%
Skarszewy, Skórcz, Czarna Woda, Bobowo, Kaliska, Lubichowo, Smętowo Graniczne, Osieczna, Osiek starogardzki
42%
Szumowo, Rutki, Kołaki Kościelne zambrowski
42%
Haczów, Dydnia, Domaradz, Nozdrzec, Jasienica Rosielna brzozowski
38%
Perlejewo, Drohiczyn, Dziadkowice, Nurzec-Stacja, Mielnik, Grodzisk, Milejczyce siemiatycki
38%
Rajgród, Szczuczyn, Radziłów, Wąsosz grajewski
33%
Stawiski, Grabowo, Mały Płock, Turośl kolneński
33%
Oleszyce, Narol, Cieszanów, Stary Dzików, Wielkie Oczy, Horyniec-Zdrój lubaczowski
33%
Krynki, Dąbrowa Białostocka, Suchowola, Korycin, Sidra, Nowy Dwór, Janów, Kuźnica, Szudziałowo sokólski
33%
Ciechanowiec, Czyżew, Szepietowo, Klukowo, Kobylin-Borzymy, Sokoły, Nowe Piekuty wysokomazowiecki
33%
Pysznica, Bojanów, Zaklików, Zaleszany, Radomyśl nad Sanem stalowolski
13%
Nie znaleziono quizów pasujących do podanych kryteriów
Rozkład punktacji
Procent ludzi z każdym wynikiem
Percentyl według liczby udzielonych odpowiedzi
Twoja historia wyników
Nie rozwiązałeś tego quizu